|
|
|
|
| LEADER |
00000cam a2200000 7i4500 |
| 001 |
0000006166 |
| 005 |
20180110093000.0 |
| 008 |
021119s1978 |
| 090 |
0 |
0 |
|a BP40
|b .H83
|
| 100 |
0 |
|
|a Hughes, Thomas Patrick ,
|d 1838-1911 ,
|e author
|
| 245 |
0 |
0 |
|a A dictionary of Islam :
|b being a cyclopedia of the doctrines, rites, ceremonies, and customs ... of the Muhammadan religion
|c by Thomas Patrick Hughes
|
| 260 |
2 |
|
|a New Delhi :
|b Cosmo Publications ,
|c 1978
|
| 300 |
|
|
|a 750 p. ;
|c 25 cm.
|
| 504 |
|
|
|a Includes index
|
| 650 |
|
0 |
|a Islam
|v Dictionaries
|
| 999 |
|
|
|a 1000003470
|b Book
|c Reference
|e Gong Badak Campus
|
| 999 |
|
|
|a 1000003471
|b Book
|c Reference
|e Gong Badak Campus
|